Romanian Superliga 25/26 Teams - Sudden Death - Statistics

General Stats
  • This quiz has been taken 30 times
  • The average score is 9 of 16
Answers on the Grid
Answers color-coded by a green-red scale on the quiz's grid according to % correct below.
CFR Cluj
FC Arges
Rapid Bucuresti
Corvinul Hunedoara
Sepsi Sf. Gheorghe
Olimpia Satu Mare
Universitatea Cluj
Metalul Buzau
Sanatatea Cluj
Metaloglobus
Csikszereda
Gloria Buzau
Steaua Bucuresti
Poli Iasi
Universitatea Craiova
FC Botosani
Poli Timisoara
Otelul Galati
Concordia Chiajna
Unirea Urziceni
Unirea Slobozia
Ceahlaul Piatra Neamt
Hermannstadt
CS Afumati
Dinamo Bucuresti
Petrolul Ploiesti
UTA Arad
FC Voluntari
Farul Constanta
FCSB
 
Answer Stats
Answer % Correct
CFR Cluj
95%
Universitatea Cluj
84%
FC Arges
68%
Metaloglobus
63%
FC Botosani
58%
Rapid Bucuresti
58%
Dinamo Bucuresti
53%
Farul Constanta
53%
FCSB
53%
Hermannstadt
53%
Csikszereda
47%
Otelul Galati
47%
Petrolul Ploiesti
47%
Unirea Slobozia
47%
UTA Arad
47%
Universitatea Craiova
42%
No matching quizzes found
Score Distribution
Percent of People with Each Score
Percentile by Number Answered
Your Score History
You have not taken this quiz